Microeconomic Theory

Gorde:
Xehetasun bibliografikoak
Egile nagusia: H.L. Ahuja
Formatua: Liburua
Argitaratua: S. Chand
Gaiak:
Etiketak: Etiketa erantsi
Etiketarik gabe, Izan zaitez lehena erregistro honi etiketa jartzen!

MARC

LEADER 00000nam a2200000Ia 4500
005 20260427112639.0
526 |b Economics 
100 |a H.L. Ahuja 
020 |a 9789352837328 
650 |a Microeconomics 
526 |a Bachelors 
942 |c BK 
245 |a Microeconomic Theory 
260 |b S. Chand 
999 |c 7  |d 7 
952 |0 0  |1 0  |4 0  |7 0  |8 1  |a BRISTOL  |b BRISTOL  |d 2026-04-22  |l 0  |p 000003  |r 2026-04-27 11:26:40  |w 2026-04-27  |y BK